00305nam a2200109Ia 4500008004100000100004000041245004200081260003800123300000900161942000800170999001700178190216s9999||||xx |||||||||||||| ||und|| a"Lizziamma. Revathy, Arumugam, Etc" 0aMedical Colleges Entrance Examination bSura College Of Competitionc1985 a302p cREF c35712d35712